1328 1561 1723 1838 1006 1342 1026 1213 1798 1365 1074 1321 1135 1789 1183 1514 1976 1203 1002 1921 1254 1271 1432 1038 1461 1373 1564 1133 1598 1481 1900 1293 1069 1574 1539 1080 1756 1073 1838 1418 1514 1835 1485 1778 1889 1865 1253 1664 1654 1394 1731 1986 1827 1675 1170 1963 1885 1763 1765 1453 1799 1442 1475 1373 1343 1322 1242 1562 1367 1733 1331 1221 1493 1585 1525 1912 1356 1375 1460 1962 1516 1879 1592 1827 1678 1496 1256 1224 1702 1007 1848 1551 1273 1036 1675 1538 1281 1949 1858 BCNSPRNW ULIB Ver.6.0+V

เปลี่ยนเป็นภาษาไทย

Change to English
 แสดงรายละเอียดบรรณานุกรม
  กลับหน้าหลัก

Brief Record : Get Marc (ISO 2709) : E-mail record : QR code < ปิดหน้าต่าง
LEADER : 00000nam 2200000uu 4500
001    13399120735
003     ULIB
008    121005s2551||||th 000 0 tha d
020    ^a9789742249182
050 04 ^aBQ1173^bธ352พ
100 0  ^aธรรมรักษา
245 10 ^aพระไตรปิฎกและอรรถกถา ฉบับ กฎแห่งกรรม /^cธรรมรักษา
260    ^aกรุงเทพฯ :^bธรรมานุรักษ์, ^c2551
300    ^a206 หน้า :^bภาพประกอบ
650  7 ^aธรรมะกับชีวิตประจำวัน
945    ^p150^l0^i16502
995    ^aวิภา
999 ^a ใช้งานได้ทุกระบบ
รายการนี้ยังไม่มีแท็ก
คุณยังไม่ได้ล็อกอิน คุณสามารถมีกิจกรรมร่วมกับเว็บไซต์ได้ แต่ต้องล็อกอินก่อน ::
  ล็อกอิน

รายการสื่อสารสนเทศ

ลำดับที่ ประเภท เลขเรียก/บาร์โค้ด สถานที่ สถานะ
1. วิทยาศาสตร์การแพทย์ และสุขภาพ
วิทยาศาสตร์การแพทย์ และสุขภาพ
BQ1173 ธ352พ  
  Barcode: 16502
ห้องสมุดวิทยาเขตสวรรค์ประชารักษ์
►หนังสือทั่วไป
บนชั้น

รายการใกล้เคียง
    ผู้แต่ง [ธรรมรักษา]

    หัวเรื่อง [ธรรมะกับชีวิตประจำวัน]

BibComment


ยังไม่เคยถูกคอมเมนท์

คอมเมนท์ทรัพยากรรายการนี้
  คอมเมนท์: พระไตรปิฎกและอรร..


 Copyright 2026. Bcnsprnw @Library